[Event "13th Liberec Open 2012"]
[Site "Liberec CZE"]
[Date "2012.10.23"]
[Round "4"]
[White "Pribyl,Jo"]
[Black "Sabuk,P"]
[Result "1-0"]
[WhiteElo "2314"]
[BlackElo "2173"]

1.d4 d5 2.Nf3 Nf6 3.g3 e6 4.Bg2 Be7 5.c4 O-O 6.O-O dxc4 7.Qa4 a6 8.Qxc4 b5
9.Qc2 Bb7 10.Bf4 Bd6 11.Nbd2 Nbd7 12.Rac1 Nd5 13.Ng5 g6 14.Bxd6 cxd6 15.Ngf3 Rc8
16.Qb1 Qb6 17.a3 Kg7 18.h3 a5 19.e4 Ne7 20.Rfd1 Rfd8 21.Qd3 d5 22.e5 b4 23.Bf1 Bc6
24.g4 Rb8 25.Kg2 Qa7 26.axb4 Rxb4 27.Qa3 Rdb8 28.Rc3 Bb5 29.Rdc1 Bxf1+ 30.Nxf1 Nb6
31.b3 Rc8 32.Rc5 Qb7 33.Ne3 Rxc5 34.Rxc5 Nd7 35.Rc3 Nc6 36.Nc2 Ncxe5 37.dxe5 d4
38.Qxa5 Rb5 39.Rc7 Qxf3+ 40.Kxf3 Nxe5+ 41.Ke4 Rxa5 42.Nxd4 g5 43.b4  1-0

[Event "NIT Nagpur GM Open 2012"]
[Site "Nagpur IND"]
[Date "2012.10.23"]
[Round "11.3"]
[White "Ghosh,D"]
[Black "Kravtsiv,M"]
[Result "1/2-1/2"]
[WhiteElo "2415"]
[BlackElo "2592"]

1.d4 Nf6 2.c4 e6 3.g3 d5 4.Nf3 Be7 5.Bg2 O-O 6.O-O dxc4 7.Qc2 a6 8.a4 Bd7
9.Rd1 Bc6 10.Nc3 Bxf3 11.Bxf3 Nc6 12.Bxc6 bxc6 13.Bg5 a5 14.e3 Rb8 15.Bxf6 Bxf6  1/2-1/2

[Event "US Chess League 2012"]
[Site "ICC INT"]
[Date "2012.10.24"]
[Round "8"]
[White "Sinanan,J"]
[Black "Simpson,R"]
[Result "0-1"]
[WhiteElo "2227"]
[BlackElo "2267"]

1.d4 Nf6 2.c4 e6 3.g3 d5 4.Nf3 Be7 5.Bg2 O-O 6.O-O b6 7.cxd5 Nxd5 8.e4 Nf6
9.Nc3 Bb7 10.Qc2 h6 11.Rd1 c6 12.Bf4 Nbd7 13.Rac1 Rc8 14.a3 Ne8 15.b4 a5
16.Qb2 axb4 17.axb4 Bd6 18.Bxd6 Nxd6 19.Ne5 Qe7 20.f4 Rfd8 21.Na4 Nxe5 22.fxe5 Nc4
23.Qb3 Ra8 24.b5 cxb5 25.Qxb5 Ne3 26.Nxb6 Ra2 27.Bf3 Nxd1 28.Rxd1 Qa3 29.Qd3 Qb2  0-1

[Event "16th Unive Open"]
[Site "Hoogeveen NED"]
[Date "2012.10.25"]
[Round "7"]
[White "De Ruiter,D"]
[Black "Piasetski,L"]
[Result "1-0"]
[WhiteElo "2182"]
[BlackElo "2298"]

1.d4 d5 2.c4 e6 3.Nf3 Nf6 4.g3 Be7 5.Bg2 O-O 6.O-O dxc4 7.Qc2 a6 8.Qxc4 b5
9.Qc2 Bb7 10.Bd2 Be4 11.Qc1 Nc6 12.e3 b4 13.Ne5 Bxg2 14.Nxc6 Bxc6 15.Qxc6 Bd6
16.e4 Be7 17.Be3 Qd7 18.Qxd7 Nxd7 19.Rc1 c5 20.dxc5 Rfc8 21.c6 Ne5 22.c7 Bd6
23.f4 Ng4 24.Bb6 Bxc7 25.Rxc7 Rxc7 26.Bxc7 Rc8 27.h3 Ne3 28.Nd2 Rxc7 29.Kf2 Nc2
30.Rc1 Kf8 31.Nb3 Rc6 32.Ke2 Nd4+ 33.Kd3 Rxc1 34.Nxc1 Nc6 35.Kc4 Ke7 36.Kc5 Kd7
37.Nd3 a5 38.Ne5+ Nxe5 39.fxe5 f5 40.exf6 gxf6 41.g4 h6 42.a4 bxa3 43.bxa3 a4
44.Kb4 Kd6 45.Kxa4 Ke5 46.Kb5 Kxe4 47.a4 f5 48.gxf5 exf5 49.a5 f4 50.a6 f3
51.a7 f2 52.a8=Q+ Ke3 53.Qg2 Ke2 54.Kc4 Ke1 55.Qg3 Ke2 56.Qd3+ Ke1 57.Kc3  1-0

[Event "13th Liberec Open 2012"]
[Site "Liberec CZE"]
[Date "2012.10.25"]
[Round "7"]
[White "Golcman,E"]
[Black "Jinova,L"]
[Result "1-0"]
[WhiteElo "2323"]
[BlackElo "2096"]

1.c4 e6 2.Nf3 Nf6 3.g3 d5 4.Bg2 Be7 5.d4 O-O 6.O-O b6 7.Nc3 Bb7 8.Qb3 Na6
9.Bg5 c5 10.cxd5 Nxd5 11.Bxe7 Qxe7 12.Nxd5 Bxd5 13.Qa4 Qb7 14.Rfd1 Rac8 15.Rd2 cxd4
16.Qxd4 Rc4 17.Qe5 Rfc8 18.Rad1 f6 19.Qe3 Nc5 20.Ne5 fxe5 21.Rxd5 e4 22.Rd8+ Rxd8
23.Rxd8+ Kf7 24.Qf4+ Kg6 25.h4 Qe7 26.Rc8 Qf6 27.Qg4+ Kf7 28.Rc7+ Kg8 29.b3 Rd4
30.Rxa7 h6 31.e3 Rd2 32.Qf4 Rd1+ 33.Kh2 Qb2 34.Bxe4  1-0

[Event "Chigorin Memorial"]
[Site "St Petersburg RUS"]
[Date "2012.10.27"]
[Round "1.45"]
[White "Ionov,S"]
[Black "Kostrikina,A"]
[Result "1/2-1/2"]
[WhiteElo "2550"]
[BlackElo "2138"]

1.d4 Nf6 2.c4 e6 3.g3 d5 4.Bg2 Be7 5.Nf3 O-O 6.O-O dxc4 7.Ne5 Nbd7 8.Nxc4 c5
9.dxc5 Nxc5 10.Nc3 a5 11.Qxd8 Rxd8 12.Bf4 Ra6 13.Rfd1 Rxd1+ 14.Rxd1 Bd7 15.Nd6 Rb6
16.Nc4 Ra6 17.Bc7 b5 18.Nb6 b4 19.Nxd7 Nfxd7 20.Ne4 f5 21.Nd6 Bf6 22.Nc4 a4
23.f4 a3 24.bxa3 bxa3 25.e3 Be7 26.Ne5 Nxe5 27.Bxe5 Rb6 28.Bd4 Rb4 29.Bf1 Ne4
30.Rc1 Kf7 31.Rc7 Rb1 32.Kg2 Rd1 33.Bc4 Rd2+ 34.Kg1 Rd1+ 35.Kg2 Rd2+ 36.Kg1 Rd1+
37.Kg2 Rd2+ 38.Kg1 Rd1+ 39.Kg2 Rd2+ 40.Kg1  1/2-1/2

[Event "Vizag GM Open 2012"]
[Site "Visakhapatnam IND"]
[Date "2012.10.27"]
[Round "2.10"]
[White "Fominyh,A"]
[Black "Deepak,Ka"]
[Result "1/2-1/2"]
[WhiteElo "2490"]
[BlackElo "2241"]

1.d4 Nf6 2.c4 e6 3.g3 d5 4.Bg2 Be7 5.Nf3 O-O 6.O-O dxc4 7.Qc2 a6 8.Qxc4 b5
9.Qc2 Bb7 10.Bf4 Bd6 11.Bg5 h6 12.Bxf6 Qxf6 13.Nbd2 Nd7 14.Ne5 Bxg2 15.Nxd7 Qg6
16.Qxg6 fxg6 17.Kxg2 Rfd8 18.Nb6 cxb6 19.Ne4 Be7 20.e3 Rac8 21.Rac1 g5 22.Kf3 Kf7
23.h3 Bb4 24.Ke2 Rc4 25.a3 Be7 26.Nd2 Rcc8 27.Kd3 a5 28.Ne4 Ke8 29.Nc3 b4
30.Nb5 bxa3 31.bxa3 Kf7 32.a4 Rf8 33.Rxc8 Rxc8 34.Nc3 Rf8 35.Nb5 Rc8 36.Rb1 Bb4
37.f3 Ke7 38.Rg1 Kf6 39.e4 Ke7 40.f4 gxf4 41.gxf4 Kf7 42.f5 exf5 43.exf5 Kf6
44.Rg6+ Kxf5 45.Rxg7 Rc6 46.d5 Rc1 47.Rh7 Rd1+ 48.Kc4 Kg6 49.Rb7 Bc5 50.d6 Kf6
51.Rh7 Kg6 52.Rc7 Kf6 53.Rh7 Kg6 54.Rc7 Kf6  1/2-1/2

[Event "16th Corsica Masters KO"]
[Site "Bastia FRA"]
[Date "2012.10.28"]
[Round "1.3"]
[White "Battaglini,G"]
[Black "Fressinet,L"]
[Result "0-1"]
[WhiteElo "2434"]
[BlackElo "2702"]

1.d4 d5 2.c4 e6 3.Nf3 Nf6 4.g3 Be7 5.Bg2 O-O 6.O-O dxc4 7.Qc2 a6 8.a4 Bd7
9.Bg5 Bc6 10.Nbd2 b5 11.e4 h6 12.Bxf6 Bxf6 13.Rad1 Bb7 14.e5 Be7 15.Ng5 Bxg5
16.Bxb7 Ra7 17.Qe4 c6 18.Bxc6 Nxc6 19.Qxc6 Qxd4 20.Nf3 Qxb2 21.Rb1 Qa3 22.Ra1 Qd3
23.axb5 Qd5 24.Qxd5 exd5 25.h4 Be7 26.Rfd1 Rfa8 27.Rxd5 axb5 28.Rxa7 Rxa7
29.Rxb5 Rc7 30.Nd4 c3 31.Nc2 f6 32.exf6 Bxf6 33.Rb8+ Kf7 34.Ra8 Rd7 35.Kg2 Rd2
36.Ra2 Ke6 37.Ra6+ Kd5 38.Ne3+ Ke4 39.Rc6 Bd4 40.Rc4 Kd3 41.Rc8 Bxe3  0-1

[Event "Chigorin Memorial"]
[Site "St Petersburg RUS"]
[Date "2012.10.29"]
[Round "3.109"]
[White "Dolgova,O"]
[Black "Koshil,T"]
[Result "1-0"]
[WhiteElo "2250"]
[BlackElo "2048"]

1.d4 d5 2.c4 e6 3.Nf3 Nf6 4.g3 Be7 5.Bg2 c6 6.Qc2 Nbd7 7.O-O O-O 8.Rd1 Ne4
9.b3 f5 10.Ne1 Qe8 11.Nd3 g5 12.f3 Nd6 13.c5 Nb5 14.e3 Qh5 15.a4 Nc7 16.Nd2 Ne8
17.Bb2 Ng7 18.b4 a6 19.b5 axb5 20.axb5 Rxa1 21.Rxa1 cxb5 22.Qb3 Nb8 23.Qxb5 Nc6
24.Ra8 Qg6 25.f4 g4 26.Nb3 Qe8 27.Na5 Nxa5 28.Qxa5 Qd8 29.Qb4 Qc7 30.Ra7 Qb8
31.Qa5 Bd8 32.Qa2 Bd7 33.Ne5 Bc6 34.Ra8 Qc7 35.Bc3 Be7 36.Ra7 Bf6 37.Nd3 Rb8
38.Ba5 Qc8 39.Bb6 Ne8 40.Nb4 Bd8 41.Nxd5 exd5 42.Bxd5+ Kg7 43.Bxd8 Bxd5 44.Qxd5 Qxd8
45.Rxb7+ Kh6 46.Qe6+  1-0

[Event "Chigorin Memorial"]
[Site "St Petersburg RUS"]
[Date "2012.10.29"]
[Round "3.38"]
[White "Ponfilenok,V"]
[Black "Lysyj,I"]
[Result "1/2-1/2"]
[WhiteElo "2392"]
[BlackElo "2628"]

1.d4 e6 2.c4 Nf6 3.g3 d5 4.Nf3 Be7 5.Bg2 O-O 6.O-O dxc4 7.Qc2 a6 8.Qxc4 b5
9.Qc2 Bb7 10.Bd2 Be4 11.Qc1 c6 12.Rd1 Nbd7 13.Nc3 Bg6 14.Bg5 Rc8 15.Ne5 Nxe5
16.dxe5 Nd5 17.Bxe7 Qxe7 18.a4 Rfd8 19.axb5 axb5 20.Ne4 Bxe4 21.Bxe4 g6 22.h4 Qb4
23.Bf3 Qe7 24.Kg2 h5 25.Qh6 Qf8 26.Qg5 Qe7 27.Qh6 Qf8 28.Qg5 Qe7 29.Qh6  1/2-1/2

[Event "Chigorin Memorial"]
[Site "St Petersburg RUS"]
[Date "2012.10.31"]
[Round "5.89"]
[White "Bazeev,G"]
[Black "Baglaev,E"]
[Result "1-0"]
[WhiteElo "2319"]
[BlackElo "2099"]

1.d4 d5 2.c4 e6 3.Nf3 Be7 4.g3 Nf6 5.Bg2 O-O 6.O-O dxc4 7.Qc2 a6 8.Qxc4 b5
9.Qc2 Bb7 10.Bd2 Be4 11.Qc1 Bb7 12.Re1 Nbd7 13.Ba5 Rc8 14.Nbd2 Nb6 15.e4 c5
16.dxc5 Bxc5 17.Qb1 Nfd7 18.Nb3 Bd6 19.Qd3 Bc7 20.Bb4 Re8 21.Red1 e5 22.Bh3 Qf6
23.Nh4 Rcd8 24.Qc2 Bb8 25.Nf5 Nf8 26.Rxd8 Qxd8 27.Na5 Ba8 28.Nc6 Qc7 29.Rc1 Kh8
30.Nd6 Bxc6 31.Nxe8  1-0

[Event "Chigorin Memorial"]
[Site "St Petersburg RUS"]
[Date "2012.11.01"]
[Round "6.87"]
[White "Gubernatorov,S"]
[Black "Yudkevich,M"]
[Result "1/2-1/2"]
[WhiteElo "2311"]
[BlackElo "2099"]

1.c4 e6 2.g3 d5 3.Bg2 Nf6 4.Nf3 Be7 5.d4 O-O 6.Qc2 c6 7.O-O b6 8.Nbd2 Ba6
9.b3 Nbd7 10.e4 Rc8 11.e5 Ne8 12.Re1 c5 13.cxd5 exd5 14.Qf5 g6 15.Qh3 Ng7
16.Nf1 cxd4 17.Nxd4 Nc5 18.Ne3 Nd3 19.Rd1 Nxc1 20.Raxc1 Rxc1 21.Rxc1 Bc8
22.g4 h5 23.Nc6 Qe8 24.Nxd5 Bg5 25.Nf6+ Bxf6 26.exf6 Bxg4 27.fxg7 Bxh3 28.gxf8=Q+ Kxf8
29.Bxh3 Qe2 30.Bf1 Qd2 31.Rc4 b5 32.Rc5 a6 33.a4 Qd1 34.h3 bxa4 35.bxa4 Qxa4
36.Ne5 Qf4 37.Bxa6 Kg7 38.Bf1 Qd4 39.Rb5 Qe4 40.Nc4 Qf4 41.Ne3 Qc7 42.Bc4 f5
43.Bd5 Qc1+ 44.Kg2 f4 45.Nf1 Kf6 46.Be4 g5 47.Nh2 Qc4 48.Rf5+ Kg6 49.Re5+ Kf6
50.Nf3 g4 51.hxg4 hxg4 52.Rf5+ Ke7 53.Ng5 Qc1 54.Rf7+ Kd6 55.Rf6+ Ke7 56.Re6+ Kd7
57.Rg6 g3 58.fxg3 fxg3 59.Kxg3 Qg1+ 60.Kf4 Qh2+ 61.Kf5 Qf2+ 62.Nf3 Ke7 63.Re6+ Kd7
64.Rg6 Ke7 65.Ke5 Qc5+ 66.Kf4 Qf2 67.Rc6 Qf1 68.Ke5 Qa1+ 69.Nd4 Qa5+ 70.Bd5 Qe1+
71.Kf5 Qf1+ 72.Bf3 Qd3+ 73.Ke5 Qe3+ 74.Be4 Qg3+ 75.Kd5 Kf7 76.Rb6 Qh2 77.Bg6+ Ke7
78.Nc6+ Kf6 79.Ne5+ Kg7 80.Rb7+ Kg8 81.Ke6 Qa2+ 82.Kf5 Qf2+ 83.Ke6 Qa2+ 84.Ke7 Qa3+
85.Kd7 Qa4+ 86.Kc8 Qa6 87.Bh7+ Kf8 88.Ng6+ Ke8 89.Ne5 Qe6+ 90.Nd7 Ke7 91.Bb1 Qc6+
92.Rc7 Qa6+ 93.Kb8 Kd8  1/2-1/2

[Event "Chigorin Memorial"]
[Site "St Petersburg RUS"]
[Date "2012.11.01"]
[Round "6.76"]
[White "Baryshpolets,A"]
[Black "Syrchikov,A"]
[Result "1-0"]
[WhiteElo "2510"]
[BlackElo "2208"]

1.d4 Nf6 2.c4 e6 3.g3 d5 4.Bg2 Be7 5.Nf3 O-O 6.O-O dxc4 7.Ne5 Nc6 8.Nxc6 bxc6
9.Na3 Bxa3 10.bxa3 Nd5 11.Qa4 Nb6 12.Qxc6 Rb8 13.Qc5 Bb7 14.e4 Qd7 15.Bf4 Rbc8
16.Rab1 Rfd8 17.Rfd1 Bc6 18.Rdc1 a6 19.Be3 Bb5 20.Qh5 Bc6 21.d5 Ba8 22.Bh3 g6
23.Qg5 f5 24.Bxb6 cxb6 25.Rxb6 Re8 26.Qf6 exd5 27.exf5 Rc6 28.Rxc6 Qxc6 29.Qd4 Re4
30.Qd1 d4 31.f3 Re8 32.Bf1 Qxf3 33.Bxc4+ Kf8 34.Qxf3 Bxf3 35.fxg6 hxg6 36.Rf1 Re3
37.Bd5  1-0

[Event "TCh-NED Meesterklasse 2012-13"]
[Site "Netherland NED"]
[Date "2012.11.03"]
[Round "3.6"]
[White "Levin,F"]
[Black "Clijsen,M"]
[Result "1-0"]
[WhiteElo "2520"]
[BlackElo "2172"]

1.d4 d5 2.c4 e6 3.Nf3 Nf6 4.g3 Be7 5.Bg2 O-O 6.O-O dxc4 7.Qa4 a6 8.Qxc4 b5
9.Qc2 Bb7 10.Bd2 Be4 11.Qc1 Bb7 12.Bf4 Bd6 13.Nbd2 Nd5 14.Nb3 Nxf4 15.gxf4 Nd7
16.Ne5 Bxg2 17.Kxg2 Nb6 18.Nf3 Qf6 19.e3 Nc4 20.Qc2 Rac8 21.Ng5 Qh6 22.Nc5 Bxc5
23.dxc5 e5 24.b3 exf4 25.exf4 Na3 26.Qf5 Rcd8 27.Rad1 Qg6 28.Qxg6 hxg6 29.c6 Nc2
30.Rd7 Rc8 31.Rc1 Na3 32.Re1 b4 33.Ree7 Nb5 34.Nxf7 Rfe8 35.Ne5 Rxe7 36.Rxe7 Kh7
37.Nd3 a5 38.Re5 Nd4 39.Rxa5 Nxc6 40.Rc5 Rd8 41.Rxc6 Rxd3 42.Rxc7  1-0

[Event "16th OIBM 2012"]
[Site "Bad Wiessee GER"]
[Date "2012.11.04"]
[Round "9.14"]
[White "Andersson,U"]
[Black "Wegerle,J"]
[Result "1/2-1/2"]
[WhiteElo "2556"]
[BlackElo "2413"]

1.Nf3 d5 2.d4 Nf6 3.c4 e6 4.g3 Be7 5.Bg2 O-O 6.O-O dxc4 7.Qc2 a6 8.Qxc4 b5
9.Qc2 Bb7 10.Bf4 Nc6 11.Rd1 Nb4 12.Qc1 Rc8 13.Nc3 Nbd5 14.Nxd5 Bxd5 15.Be3 c6
16.Ne1 Bxg2 17.Nxg2 Nd5 18.Nf4 Qb6 19.Nxd5 cxd5 20.Qd2 Rc4 21.Rac1 Rfc8 22.b3 R4c6
23.Rxc6 Rxc6 24.Rc1 h6 25.h4 Bd6  1/2-1/2

[Event "WY BU14 2012"]
[Site "Maribor SLO"]
[Date "2012.11.08"]
[Round "1.11"]
[White "Minko,V"]
[Black "Latib,Tameez"]
[Result "1-0"]
[WhiteElo "2307"]
[BlackElo "1861"]

1.d4 Nf6 2.c4 e6 3.g3 d5 4.Nf3 Be7 5.Bg2 Nbd7 6.O-O O-O 7.Nc3 dxc4 8.e4 Nb6
9.Be3 Ng4 10.Bf4 f5 11.Ne5 Bf6 12.Nxg4 fxg4 13.e5 Bg5 14.Be3 Nd5 15.Qe2 c6
16.Ne4 Be7 17.Qxg4 Bd7 18.Bh6 Rf7 19.Bg5 Bxg5 20.Nxg5 Rf8 21.Be4 g6 22.h4 Qe8
23.Bc2 h5 24.Qe2 b5 25.f4 Kg7 26.Rae1 a5 27.g4 hxg4 28.h5 gxh5 29.f5 exf5
30.e6 Bc8 31.Rxf5 Nf6 32.Re5  1-0

[Event "38th ch-BAN 2012"]
[Site "Dhaka BAN"]
[Date "2012.11.10"]
[Round "3.4"]
[White "Hasan,Me"]
[Black "Mohammad,J"]
[Result "1/2-1/2"]
[WhiteElo "2310"]
[BlackElo "2203"]

1.Nf3 Nf6 2.c4 e6 3.g3 d5 4.Bg2 Be7 5.d4 O-O 6.O-O dxc4 7.Qc2 a6 8.a4 Bd7
9.Qxc4 Bc6 10.Nc3 a5 11.Rd1 Na6 12.Bg5 Bxf3 13.Bxf3 c6 14.e4 h6 15.Bf4 Qb6
16.Qe2 Rfe8 17.Rac1 Rad8 18.Be3 Qb3 19.Rd2 Rd7 20.Qf1 Red8 21.Be2 Qb6 22.Bxa6 bxa6
23.e5 Ng4 24.Ne4 Nxe3 25.fxe3 c5 26.Qf2 cxd4 27.exd4 Rxd4 28.Rc4 Rxc4 29.Qxb6 Rxd2
30.Nxd2 Bc5+ 31.Kg2 Bxb6 32.Nxc4 Bc7 33.Kf3 f6 34.exf6 gxf6 35.h3 h5 36.Nd2 f5
37.g4 fxg4+ 38.hxg4 h4 39.Ne4 h3 40.Ng5 Be5 41.Nxh3 Bxb2 42.Ng5 e5 43.Ke4 Kg7
44.Kf5 Bc3 45.Ne4 Bd4 46.g5 Be3 47.g6 Bd4 48.Ng5 Bb2 49.Ne6+ Kh6 50.Nc5 Kg7
51.Ne4 Bd4 52.Ng3 Bc3 53.Kg5 Bd2+ 54.Kh5 Bf4 55.Nf5+ Kf6 56.Nd6 Kg7 57.Ne8+ Kf8
58.Nc7 Kg7 59.Nxa6 Be3 60.Nc7 e4 61.Ne8+ Kf8 62.Nf6 Bd4 63.Nxe4 Kg7 64.Kg5 Bb2
65.Kf5 Bd4 66.Ng5 Bc3 67.Ne6+ Kh6 68.Nc7 Kg7 69.Nd5 Bd4 70.Kg5 Bb2 71.Nb6 Bf6+
72.Kh5 Bc3 73.Nc4 Bb4 74.Ne3 Bd2 75.Nd5 Bc1 76.Nc7 Bd2 77.Ne8+ Kf8 78.Nf6 Kg7
79.Ne4 Bc1 80.Nd6 Bd2 81.Nc4 Bc3 82.Kg5 Bf6+ 83.Kf5 Bc3 84.Ne3 Bb2 85.Nd5 Bd4
86.Nf4 Bc3 87.Nh5+ Kh6 88.Nf6 Kg7 89.Ne8+ Kf8 90.Nc7 Kg7 91.Nd5 Bd2 92.Nf6 Bc3
93.Ne4 Bd4 94.Nd2 Bc3 95.Nf3 Bf6 96.Ne1 Bc3 97.Nd3 Bd4 98.Ke4 Bc3 99.Kd5 Kxg6
100.Kc4 Bd2 101.Nc5 Kf7 102.Kb5 Ke8 103.Nb3 Be1 104.Nxa5 Bxa5  1/2-1/2

[Event "Bundesliga 2012-13"]
[Site "Bremen GER"]
[Date "2012.11.11"]
[Round "4"]
[White "Kasimdzhanov,R"]
[Black "Zumsande,M"]
[Result "1/2-1/2"]
[WhiteElo "2690"]
[BlackElo "2418"]

1.c4 e6 2.g3 d5 3.Bg2 Nf6 4.Nf3 Be7 5.d4 O-O 6.Qc2 c5 7.dxc5 d4 8.O-O Nc6
9.Bf4 Nd7 10.Bd6 Nxc5 11.Bxc5 Bxc5 12.Nbd2 e5 13.Ne1 Qe7 14.Nd3 Bb6 15.c5 Bc7
16.b4 Bf5 17.b5 Na5 18.Rac1 Rad8 19.Qa4 e4 20.Nb4 Rfe8 21.Nb3 Nxb3 22.axb3 d3
23.exd3 exd3 24.Nd5 Qe5 25.f4 Qb2 26.Qa1 Qxa1 27.Rxa1 Bb8 28.Rfd1 Kf8 29.Bf3 g5
30.fxg5 Re5 31.c6 bxc6 32.Nb4 Rxb5 33.Nxc6 Rd6 34.Nxb8 Rxb8 35.Rxa7 Rxb3
36.Ra5 Be6 37.Rd2 Rc3 38.Be4 Kg7 39.Kf2 Bg4 40.Ke3 Be2 41.Re5 Ra3 42.Bf5 h6
43.gxh6+ Rxh6 44.Rd5 Rxh2 45.Bxd3 Bxd3 46.R5xd3  1/2-1/2

[Event "Bundesliga 2012-13"]
[Site "Eppingen GER"]
[Date "2012.11.11"]
[Round "4"]
[White "Postny,E"]
[Black "Zwanzger,J"]
[Result "1-0"]
[WhiteElo "2647"]
[BlackElo "2326"]

1.d4 d5 2.c4 e6 3.Nf3 Be7 4.g3 Nf6 5.Bg2 O-O 6.O-O dxc4 7.Qc2 a6 8.a4 Bd7
9.Rd1 Bc6 10.Nc3 Bxf3 11.Bxf3 Nc6 12.Bxc6 bxc6 13.a5 Qb8 14.Bg5 Qb3 15.Qxb3 cxb3
16.Rac1 Nd5 17.Bxe7 Nxe7 18.Ne4 Rfb8 19.Rc4 Rb5 20.Ra1 Kf8 21.Ra3 Ke8 22.Nc5 Nd5
23.e3 Nf6 24.Nd3 Nd7 25.Rxc6 Kd8 26.Kf1 e5 27.Rc3 exd4 28.exd4 Rd5 29.Nb4 Rh5
30.Nc6+ Ke8 31.Raxb3 Rxh2 32.Re3+ Kf8 33.Re7 Rh6 34.Rxd7 Rxc6 35.Rf3 f6 36.Rc3 Rd6
37.Rdxc7 Rxd4 38.Rb3 Rd5 39.Rbb7 Rxa5 40.Rf7+ Kg8 41.Rxg7+ Kh8 42.Rxh7+ Kg8
43.Rbg7+ Kf8 44.Rg6 f5 45.Rf6+ Kg8 46.Rh5 Rb5 47.Rhxf5 Rxb2 48.Rg5+ Kh7 49.Ra5 Re8
50.Raxa6 Ree2 51.Ra7+ Kg8 52.Kg2 Red2 53.Rf4 Rdc2 54.Raf7 Rd2 55.Kh3 Rb6
56.R7f5  1-0

[Event "WY BU14 2012"]
[Site "Maribor SLO"]
[Date "2012.11.11"]
[Round "4.9"]
[White "Pranav,V"]
[Black "Karthikeyan,M2"]
[Result "1/2-1/2"]
[WhiteElo "2127"]
[BlackElo "2329"]

1.d4 Nf6 2.c4 e6 3.g3 d5 4.Bg2 Be7 5.Nf3 O-O 6.O-O dxc4 7.Qc2 a6 8.Qxc4 b5
9.Qc2 Bb7 10.Bd2 Be4 11.Qc1 Nbd7 12.Ba5 Rc8 13.Nbd2 Ba8 14.Qc2 Bd6 15.e4 e5
16.dxe5 Nxe5 17.Nxe5 Bxe5 18.Nb3 Re8 19.Rfe1 Re6 20.Rad1 Qe7 21.f4 Bxf4 22.gxf4 Nxe4
23.Nd4 Rg6 24.Nf5 Qe6 25.Ng3 f5 26.Rd3 Qxa2 27.Ra3 Qf7 28.Rae3 h5 29.Kh1 c5
30.Nxe4 fxe4 31.Bxe4 Rg4 32.Bxa8 Rxa8 33.Qe4 Rf8 34.Rf3 Rxf4 35.Rxf4 Qxf4
36.Qd5+ Qf7 37.Qxc5 Qf3+ 38.Kg1 Rf6 39.Qc2  1/2-1/2

[Event "WY GU18 2012"]
[Site "Maribor SLO"]
[Date "2012.11.12"]
[Round "5.23"]
[White "Nonkovic,B"]
[Black "Mahmutbegovic,N"]
[Result "1-0"]
[WhiteElo "2024"]
[BlackElo "1730"]

1.Nf3 Nf6 2.c4 e6 3.d4 d5 4.g3 Be7 5.Bg2 O-O 6.O-O dxc4 7.Ne5 c5 8.dxc5 Bxc5
9.Nxc4 Nc6 10.Nc3 Qe7 11.e3 e5 12.a3 a6 13.b4 Ba7 14.Qd6 Qxd6 15.Nxd6 Rd8
16.Rd1 Kf8 17.Bb2 Ke7 18.Nc4 Rxd1+ 19.Nxd1 Nd7 20.Rc1 f6 21.Nc3 Nf8 22.Nd5+ Kd8
23.Rd1 Bd7 24.Ndb6 Bxb6 25.Nxb6 Ra7 26.Bh3 Nb8 27.f4 Ke7 28.Bxd7 Nbxd7 29.Nc8+  1-0

[Event "WY BU16 2012"]
[Site "Maribor SLO"]
[Date "2012.11.12"]
[Round "5.26"]
[White "Foo,William J"]
[Black "Brown,Michael William"]
[Result "0-1"]
[WhiteElo "2072"]
[BlackElo "2276"]

1.d4 d5 2.Nf3 Nf6 3.g3 e6 4.Bg2 Be7 5.c4 dxc4 6.O-O O-O 7.Qc2 a6 8.Qxc4 b5
9.Qc2 Bb7 10.Bd2 Be4 11.Qc1 Nc6 12.Be3 Rc8 13.Rd1 Na5 14.Nc3 Bc6 15.Qc2 Qe8
16.Bg5 b4 17.Bxf6 Bxf6 18.Ne4 Bxe4 19.Qxe4 c5 20.dxc5 Qb5 21.Ne5 Bxe5 22.Qxe5 Rxc5
23.Qd4 g6 24.Rac1 Rfc8 25.Rxc5 Qxc5 26.Qxc5 Rxc5 27.Be4 f5 28.Rd8+ Kf7 29.Bd3 Rc1+
30.Kg2 Ra1 31.Rb8 Nc6 32.Rb6 Ne5 33.Bxa6 Rxa2 34.b3 Ke7 35.Bb5 Rb2 36.h3 Rxb3
37.f4 Nf7 38.Bc4 Rb2 39.Rxe6+ Kd7 40.Ra6 Nd6 41.Bd3 Rb3 42.Kf2 Kc7 43.Ke1 Ra3
44.Kd1 Rxa6 45.Bxa6 Ne4 46.Bc4 Nxg3 47.Bg8 h6 48.h4 Kc6 49.Bf7 Kc5 50.Kd2 Kd4
51.Bxg6 Ke4 52.Bf7 Kxf4 53.Kd3 Kg4 54.h5 Nxh5 55.e4 Nf4+ 56.Kd4 fxe4 57.Kxe4 h5
58.Ke3 Kg3 59.Be8 h4  0-1

[Event "WY GU18 2012"]
[Site "Maribor SLO"]
[Date "2012.11.12"]
[Round "6.13"]
[White "Nonkovic,B"]
[Black "Pujari,R"]
[Result "1-0"]
[WhiteElo "2024"]
[BlackElo "2204"]

1.Nf3 d5 2.d4 Nf6 3.c4 e6 4.g3 Be7 5.Bg2 O-O 6.Qc2 c6 7.O-O b6 8.Rd1 Bb7
9.b3 Nbd7 10.Nc3 Rc8 11.e4 h6 12.Bf4 g5 13.Be3 Ne8 14.e5 Ng7 15.Ne1 h5 16.g4 hxg4
17.Qe2 Qe8 18.f4 gxf4 19.Bxf4 f5 20.exf6 Bxf6 21.Qxg4 e5 22.dxe5 Nxe5 23.Qg3 Ng6
24.Bd2 dxc4 25.Nf3 Rd8 26.Rac1 Rd3 27.Qe1 Qd7 28.Ne4 c5 29.Kh1 Bxe4 30.Qxe4 c3
31.Qxg6 cxd2 32.Rc2 Bc3 33.Ng5 Rf2 34.Qh7+ Kf8 35.Qh8+ Ke7 36.Rxc3 Rxc3 37.Qxg7+ Kd8
38.Qxc3 Rxg2 39.Qh8+ Kc7 40.Qe5+ Kc8 41.Kxg2 Qg4+ 42.Kf2 Qxd1 43.Qf5+ Kb7
44.Qd7+ Ka6 45.Nf3 b5 46.Nxd2 Qh5 47.Nf3 Qg6 48.a4  1-0

[Event "WY GU16 2012"]
[Site "Maribor SLO"]
[Date "2012.11.12"]
[Round "6.1"]
[White "Xiao,Yiyi"]
[Black "Nicolas Zapata,I"]
[Result "1-0"]
[WhiteElo "2136"]
[BlackElo "2201"]

1.d4 Nf6 2.c4 e6 3.g3 d5 4.Bg2 Be7 5.Nf3 O-O 6.O-O dxc4 7.Qc2 b5 8.a4 b4
9.Nbd2 Bb7 10.Nxc4 Be4 11.Qb3 Nc6 12.Rd1 Qd5 13.a5 Ne8 14.Bf4 Nd6 15.Ncd2 Nxd4
16.Qxd5 Nxf3+ 17.Bxf3 Bxd5 18.e4 e5 19.Bxe5 Be6 20.Rac1 Rac8 21.Bd4 Nb5 22.Be3 c5
23.Be2 Nd4 24.Bxd4 cxd4 25.Nf3 h6 26.Nxd4 Rxc1 27.Rxc1 Bf6 28.Nxe6 fxe6 29.Bg4 Bxb2
30.Bxe6+ Kh8 31.Rc4 Bc3  1-0

[Event "WY GU16 2012"]
[Site "Maribor SLO"]
[Date "2012.11.12"]
[Round "6.1"]
[White "Xiao,Yiyi"]
[Black "Nicolas Zapata,I"]
[Result "1-0"]
[WhiteElo "2136"]
[BlackElo "2201"]

1.d4 Nf6 2.c4 e6 3.g3 d5 4.Bg2 Be7 5.Nf3 O-O 6.O-O dxc4 7.Qc2 b5 8.a4 b4
9.Nbd2 Bb7 10.Nxc4 Be4 11.Qb3 Nc6 12.Rd1 Qd5 13.a5 Ne8 14.Bf4 Nd6 15.Ncd2 Nxd4
16.Qxd5 Nxf3+ 17.Bxf3 Bxd5 18.e4 e5 19.Bxe5 Be6 20.Rac1 Rac8 21.Bd4 Nb5 22.Be3 c5
23.Be2 Nd4 24.Bxd4 cxd4 25.Nf3 h6 26.Nxd4 Rxc1 27.Rxc1 Bf6 28.Nxe6 fxe6 29.Bg4 Bxb2
30.Bxe6+ Kh8 31.Rc4 Bc3 32.Kg2 Rb8 33.Rc6 Rb5 34.a6 Bd4 35.Rc8+ Kh7 36.Bg8+ Kg6
37.Rc6+ Bf6 38.Bb3 Kh7 39.f4 Bd4 40.e5 Rb6 41.Bc2+ Kg8 42.Bb3+ Kh7 43.Rc7 Rxa6
44.e6 Bf6 45.Bc2+  1-0

[Event "Brno Open 2012"]
[Site "Brno CZE"]
[Date "2012.11.13"]
[Round "4"]
[White "Veznik,Michael"]
[Black "Spodny,J"]
[Result "1/2-1/2"]
[WhiteElo "1870"]
[BlackElo "2019"]

1.c4 e6 2.g3 Nf6 3.Bg2 d5 4.Nf3 Be7 5.d4 O-O 6.O-O Ne4 7.b3 Nd7 8.Bb2 c6
9.Nbd2 f5 10.e3 a5 11.Qc2 a4 12.a3 axb3 13.Nxb3 Nb6 14.cxd5 cxd5 15.Ne5 Bd7
16.Nxd7 Qxd7 17.f3 Nf6 18.Nc5 Qc6 19.Qb3 Nc4 20.Rfc1 b6 21.Nd3 Qa4 22.Qa2 Nd7
23.e4 Bf6 24.Nb4 Be7 25.exd5 b5  1/2-1/2

[Event "38th ch-BAN 2012"]
[Site "Dhaka BAN"]
[Date "2012.11.13"]
[Round "6.7"]
[White "Chatterjee,D"]
[Black "Rahman,Tai"]
[Result "1-0"]
[WhiteElo "2307"]
[BlackElo "2340"]

1.d4 Nf6 2.c4 e6 3.g3 d5 4.Nf3 Be7 5.Bg2 O-O 6.O-O dxc4 7.Qc2 a6 8.Qxc4 b5
9.Qc2 Bb7 10.Bd2 Be4 11.Qc1 Qc8 12.Bg5 c5 13.Nbd2 Bb7 14.dxc5 Qxc5 15.Nb3 Qxc1
16.Raxc1 Bd5 17.Nfd4 Bxg2 18.Kxg2 Nbd7 19.Nc6 Bd8 20.Rfd1 Bb6 21.f3 h6 22.Bxf6 Nxf6
23.e4 Kh7 24.Ne5 a5 25.Rc6 Rab8 26.Rdd6 Bd8 27.Rd7 Kg8 28.Ra7 a4 29.Nc5 Bb6
30.Ra6 Bxc5 31.Rxc5 Rfc8 32.Rcc6 Rxc6 33.Nxc6 Rb7 34.Kf2 Rc7 35.Ke3 g5 36.Nd4 Nd7
37.Ra5 e5 38.Nf5 Rc5 39.Ra7 Nb6 40.Nxh6+ Kg7 41.Nxf7 Nc4+ 42.Ke2 Kf6 43.b3 Nb2
44.Kd2 b4 45.Nh6 Rc6 46.bxa4 Nc4+ 47.Ke2 Rd6 48.Ng8+ Kg6 49.Ne7+ Kf6 50.Nd5+ Kg6
51.Rb7  1-0

[Event "FIDE WCh Women World Cup"]
[Site "Khanty-Mansiysk RUS"]
[Date "2012.11.13"]
[Round "1.3"]
[White "Khotenashvili,B"]
[Black "Arribas Robaina,M"]
[Result "0-1"]
[WhiteElo "2504"]
[BlackElo "2273"]

1.d4 Nf6 2.c4 e6 3.Nf3 d5 4.g3 Be7 5.Bg2 O-O 6.O-O Nbd7 7.Nc3 dxc4 8.e4 Nb6
9.a4 a5 10.Be3 Re8 11.Qe2 Bb4 12.Ne5 Bd7 13.Nxc4 Nxc4 14.Qxc4 Bc6 15.d5 Bd7
16.Rfd1 exd5 17.exd5 Ng4 18.Bf4 Ne5 19.Qd4 Ng6 20.Be3 Bd6 21.Ne4 Be5 22.Qd2 Bg4
23.Re1 h6 24.f4 Bd6 25.Nxd6 cxd6 26.Bd4 Rxe1+ 27.Rxe1 Qd7 28.Bc3 Qxa4 29.h3 Bd7
30.Re4 Qb5 31.Kh2 Qb6 32.h4 a4 33.h5 Nf8 34.Bd4 Qb3 35.Re3 Qc4 36.Re7 Re8
37.Rxe8 Bxe8 38.Bc3 Bb5 39.Bb4 Qc7 40.Qd4 Nd7 41.g4 Nf6 42.Kg3 Be2 43.g5 hxg5
44.fxg5 Nxh5+ 45.Kh4 g6 46.Be4 Qc8 47.Bg2 Qf5 48.Bxd6 f6 49.Qe3 Qg4+  0-1

[Event "FIDE WCh Women World Cup"]
[Site "Khanty-Mansiysk RUS"]
[Date "2012.11.15"]
[Round "2.2"]
[White "Ju Wenjun"]
[Black "Zatonskih,A"]
[Result "1/2-1/2"]
[WhiteElo "2501"]
[BlackElo "2489"]

1.d4 d5 2.c4 e6 3.Nf3 Be7 4.g3 Nf6 5.Bg2 O-O 6.b3 dxc4 7.bxc4 c5 8.e3 cxd4
9.exd4 Bb4+ 10.Bd2 Bxd2+ 11.Qxd2 Qc7 12.Qe2 b6 13.O-O Ba6 14.Ne5 Bb7 15.Bxb7 Qxb7
16.Nc3 Rd8 17.Rfd1 Nc6 18.d5 Nxe5 19.Qxe5 Qd7 20.Rd4 exd5 21.Nxd5 Nxd5 22.cxd5 Qd6
23.Qf5 g6 24.Qd3 Rac8 25.Rd1 Rc5 26.h4 h5 27.Qd2  1/2-1/2